000
00406nam a2200133Ia 4500
008
151001s9999||||xx |||||||||||||| ||und||
100
_a
महेंद्र मित्तल
245
_a
कालपुरुष सहस्त्रर्जुन
250
_a
1
260
_b
कैटर पब्लिशिंग हाउस
260
_c
2009
300
_a
200
365
_b
21
999
_c
993802
_d
993799